| 000 | 00678nam a2200253Ia 4500 | ||
|---|---|---|---|
| 008 | 160216s9999 xx 000 0 und d | ||
| 020 | _a0-7487-7344-4 | ||
| 050 | _aMAIN BF 121 | ||
| 050 | _b.C37 2004 | ||
| 100 | _aCardwell, Mike | ||
| 245 | _aPsychology A2 : | ||
| 245 | _bthe complete companion / | ||
| 245 | _cMike Cardwell, Cara Flanagan. | ||
| 260 | _aUnited Kingdon : | ||
| 260 | _bNelson Thomes Ltd. | ||
| 260 | _c2004 | ||
| 300 | _a337 pages : | ||
| 300 | _bcol. ill. ; | ||
| 300 | _c28 cm. | ||
| 500 | _aIncludes bibliographical references and index. | ||
| 650 | _aPsychology - | ||
| 650 | _aPsychology -- | ||
| 650 | _xProblems, exercises, etc. | ||
| 999 |
_c290846 _d290846 |
||